LEADER 01710nam a2200397 u 4500 001 000000012415 003 CaOOAMICUS 005 20070226105532.0 008 940517s1991 es u000 u spa u 020 $a8479140356 035 $a10300825 040 $aPUL(R)$bita 100 1 $aSayés, José Antonio.$0(OLS)http://pul/name/11813 245 10$aAntropología del hombre caído :$bel pecado original /$cJosé Antonio Sayés. 260 $aMadrid :$bBiblioteca de Autores Cristianos,$cc1991. 300 $axx, 393 p. ;$c20 cm 490 1 $aHistoria salutis.$aSerie monográfica de teología dogmática ;$v3 490 1 $aBiblioteca de autores cristianos ;$v514 500 $aComprende indici. 504 $aBibliografia in nota. 650 4$aPeccato originale.$0(OLS)http://pul/subject/1571 650 4$aUomo (teologia).$0(OLS)http://pul/subject/1029 830 0$aBiblioteca de autores cristianos ;$v514.$0(OLS)http://pul/title/1365 830 0$aHistoria salutis.$pSerie monográfica de teología dogmática ;$v3.$0(OLS)http://pul/title/17968 850 $aPUL 852 $aPUL$W1$xSL Religione 1$y3$m67 C 53$j17554$nBK-PRI$b $qStampati$B17554$CPULBib$Z2$F17554 $H $81 941 1 $a8 960 $aUmanesimo cristiano$91029 960 $aUmanesimo cristiano$91029 960 $aAntropologia teologica$91029 960 $aAntropologia teologica$91029 961 $aINV: 77174 983 0$aBAC. 996 $6020$a8479140356$9(OLS)http://pul/number/15875 996 $6245$aAntropología del hombre caído :$bel pecado original$9(OLS)http://pul/title/17967 996 $6260$aMadrid :$bBiblioteca de Autores Cristianos$9(OLS)http://pul/publisher/53632 LEADER 00927nam a2200241 u 4500 001 000000065010 003 CaOOAMICUS 005 20070226121423.0 008 011127s1906 fr u000 u fre u 035 $a10911784 040 $aPUL(R)$bita 100 1 $aOllé-Laprune, Léon,$d1839-1898.$0(OLS)http://pul/name/23471 245 13$aLa raison et le rationalisme /$cLéon Ollé Laprune ; préface de M. Victor Delbos. 260 $aParis :$bPerrin,$c1906. 300 $aliii, 269 ;$c20 cm 650 4$aRazionalismo.$0(OLS)http://pul/subject/12059 700 1 $aDelbos, Victor,$d1862-1916.$0(OLS)http://pul/name/43347 850 $aPUL 852 $aPUL$W1$xDP2 Filosofia 1$y62$m89 B 28$j84210$nBK-PRI$b $qStampati$B84210$CPULBib$Z2$F84210 $81 941 1 $a8 961 $aINV: 17360 996 $6245$aLa raison et le rationalisme$9(OLS)http://pul/title/86530 996 $6260$aParis :$bPerrin$9(OLS)http://pul/publisher/59489